Detalles MARC
| 000 -LIDER |
| fixed length control field |
00879nam a22002777a 4500 |
| 001 - NÚMERO DE CONTROL |
| Identificador de número de control |
45653 |
| 003 - IDENTIFICACDOR DE NÚMERO DE CONTROL |
| control field |
DO-SdBNP |
| 005 - DATE AND TIME OF LATEST TRANSACTION |
| control field |
20171214113435.0 |
| 007 - CAMPOS FIJOS DE DESCRIPCIÓN FÍSICA |
| fixed length control field |
45653 |
| 008 - ELEMENTOS DE LONGITUD FIJA |
| fixed length control field |
930629s1993 sp | |||| ||spa |
| 016 7# - NO. DE CONTROL DE LA AGENCIA BIB. NACIONAL |
| Source |
BPMSU |
| 020 ## - ISBN |
| International Standard Book Number |
848130008X |
| 040 ## - FUENTE DE CATALOGACIÓN |
| Agencia que crea de manera original el registro |
BPMSU |
| Idioma de catalogación |
spa |
| Agencia que realiza la transcripción |
BPMSU |
| 082 ## - NÚMERO DE CLASIFICACIÓN DECIMAL DE DEWEY |
| Classification number |
C864.6 |
| 100 2# - ASIENTO PRINCIPAL -- NOMBRE PERSONAL |
| Nombre personal |
Cabrera Infante, Guillermo |
| Fechas asociadas con el nombre |
1929-2005 |
| 245 10 - MENCIÓN DE TITULO |
| Título |
Arcadia todas las noches / |
| Mención de responsabilidad |
Guillermo Cabrera Infante |
| 260 ## - PUBLICACIÓN, DISTRIBUCIÓN, ETC. (PIE DE IMPRENTA) |
| Lugar de publicación, distribución, etc |
Barcelona : |
| Nombre del editor, distribuidor, etc. |
Primera Plana, |
| Fecha de publicación, distribución, etc |
1993 |
| 300 ## - DESCRIPCIÓN FÍSICA |
| Extensión |
96 p. : |
| Dimensiones |
21 cm. |
| 490 ## - MENCIÓN DE SERIES |
| Mención de serie |
Grandes autores . Biblioteca de literatura universal |
| Volume/sequential designation |
9 |
| 500 ## - NOTA GENERAL |
| Nota general |
Incluye datos biográficos del autor en la contracubierta |
| 650 #7 - ENCABEZAMIENTO DE MATERIA--TEMÁTICO |
| Término temático o nombre geográfico como elemento de entrada |
ENSAYOS CUBANOS |
| 830 ## - ASIENTO SECUNDARIO DE SERIE--TÍTULO UNIFORME |
| Nombre de la parte o sección de una obra |
Grandes autores . Biblioteca de literatura universal |
| Volume number/sequential designation |
9 |
| 942 ## - ADDED ENTRY ELEMENTS (KOHA) |
| Source of classification or shelving scheme |
Dewey Decimal Classification |
| Koha item type |
Libros |
| 945 ## - INFORMACIÓN DE PROCESAMIENTO LOCAL |
| Información de procesamiento local |
inventariado extranjero / DG |
| 956 ## - LOCAL ELECTRONIC LOCATION AND ACCESS (OCLC) |
| Nombre de host |
VMATEO |
| Método de acceso |
10 |
| Materiales especificados |
20151119 |
| Enlace |
BPMSU |
| Campo enlazado y núm. de secuencia |
00151 |